| 000 | 00392cam a2200169ua 4500 | ||
|---|---|---|---|
| 020 | _c4.00 | ||
| 041 |
_amal _h |
||
| 082 |
_a793.3 _bKRI/KA |
||
| 100 | _aKrishna Pillai, G . | ||
| 245 |
_aKathakali / _cG Krishna Pillai. _hTextual Documents |
||
| 260 |
_a : _bG Krishna Pillai , _c1956. |
||
| 300 | _a458 ; . | ||
| 365 | _a4.00 | ||
| 504 | _a | ||
| 942 | _cBK | ||
| 999 |
_c5961 _d5961 |
||